<?xml version="1.0" encoding="UTF-8"?><?xml-stylesheet type="text/xsl" href="static/style.xsl"?><OAI-PMH xmlns="http://www.openarchives.org/OAI/2.0/" xmlns:xsi="http://www.w3.org/2001/XMLSchema-instance" xsi:schemaLocation="http://www.openarchives.org/OAI/2.0/ http://www.openarchives.org/OAI/2.0/OAI-PMH.xsd"><responseDate>2026-04-17T03:29:23Z</responseDate><request verb="GetRecord" identifier="oai:www.recercat.cat:2072/416336" metadataPrefix="marc">https://recercat.cat/oai/request</request><GetRecord><record><header><identifier>oai:recercat.cat:2072/416336</identifier><datestamp>2026-04-13T02:38:43Z</datestamp><setSpec>com_2072_98</setSpec><setSpec>col_2072_378192</setSpec></header><metadata><record xmlns="http://www.loc.gov/MARC21/slim" xmlns:dcterms="http://purl.org/dc/terms/" xmlns:xsi="http://www.w3.org/2001/XMLSchema-instance" xmlns:doc="http://www.lyncode.com/xoai" xsi:schemaLocation="http://www.loc.gov/MARC21/slim http://www.loc.gov/standards/marcxml/schema/MARC21slim.xsd">
   <leader>00925njm 22002777a 4500</leader>
   <datafield ind2=" " ind1=" " tag="042">
      <subfield code="a">dc</subfield>
   </datafield>
   <datafield ind2=" " ind1=" " tag="720">
      <subfield code="a">Lorenzo Rivera, Julia</subfield>
      <subfield code="e">author</subfield>
   </datafield>
   <datafield ind2=" " ind1=" " tag="720">
      <subfield code="a">Puntes, Víctor</subfield>
      <subfield code="e">author</subfield>
   </datafield>
   <datafield ind2=" " ind1=" " tag="260">
      <subfield code="c">2017</subfield>
   </datafield>
   <datafield ind2=" " ind1=" " tag="520">
      <subfield code="a">Una recerca conjunta entre investigadors de la UAB i l'ICN2 ha desenvolupat unes nanopartícules d'or conjugades amb l'anticòs Cetuximab, fàrmac utilitzat pel tractament de diferents tumors, de forma que s'ha incrementant substancialment el seu efecte, en reduir el número de receptors pel factor de creixement epidèrmic en la membrana cel.lular durant més temps.</subfield>
   </datafield>
   <datafield ind2=" " ind1=" " tag="520">
      <subfield code="a">Una investigación conjunta entre investigadores de la UAB y el ICN2 ha desarrollado unas nanopartículas de oro conjugadas con el anticuerpo cetuximab, fármaco utilizado para el tratamiento de diferentes tumores, de forma que se ha incrementando sustancialmente su efecto al reducir el número de receptores por el factor de crecimiento epidérmico en la membrana célular durante mas tiempo.</subfield>
   </datafield>
   <datafield ind2=" " ind1=" " tag="520">
      <subfield code="a">Researchers from the UAB and the ICN2 have developed gold nanoparticles conjugated to Cetuximab antibody, an antitumor drug used in the treatment of different tumours. Nanoconjugates substantially increased the effect of Cetuximab by reducing the number of receptors for the epidermal growth factor in the cell membrane over a longer time.</subfield>
   </datafield>
   <datafield ind2="0" ind1="0" tag="245">
      <subfield code="a">Nanopartícules d'or conjugades a l'anticòs cetuximab contra el càncer</subfield>
   </datafield>
</record></metadata></record></GetRecord></OAI-PMH>